000 01909cam a22004214i 4500
003 PE-LiUPU
005 20250731175622.0
008 150623s1998 miu rb 000 0 eng d
020 _a0802841600
035 _a(Sirsi) i9780802841605
040 _aPE-LiUPU
_bspa
_cPE-LiUPU
_erda
049 _aPRUA
082 0 4 _a492.482 421
_bD96
_221
100 1 _aDriver, Samuel Rolles,
_d1846-1914,
_eautor.
245 1 0 _aA treatise on the use of the tenses in hebrew and some other syntactical questions /
_cS.R. Conductor, [con un ensayo introductorio de W. Randall Garr].
264 1 _aMichigan :
_bWilliam B. Eerdmans Publishing Company,
_c1998.
300 _a306 páginas ;
_c23 centímetros.
336 _atext
_2rdacontent
337 _aunmediated
_2rdamedia
338 _avolume
_2rdacarrier
490 0 _aThe biblical resource series
504 _aBibliografía al pié de páginas.
505 0 _aThe perfect alone -- The imperfect alone -- The cohortative and jussive (the modal or voluntative forms of the imperfect) -- The voluntative with waw -- The imperfect with waw consecutive -- Accents -- The perfect with waw consecutive -- The perfect and imperfect with weak waw (the simple waw, not consecutive) -- The participle -- Hypothetical -- Appendix -- Index.
526 _aP145
526 _aP127
526 _aP97
526 _aP35
526 _aP14
526 _aP07
650 0 4 _aHebreo
_xSintaxis.
650 0 4 _aHebreo
_xTiempo.
942 _2ddc
_cBOOK
949 _a492.482 421 D96
_wDEWEY
_c1
_i44431
_lCCODEBUL1
_mBUL
_r0
_sY
_tBOOK
_u2015-6-24
_xTEOLOGIA
_PP35
_0COMPRA
_o.STAFF. Colección General
994 _aC0
_bPEPRU
596 _a1
999 _a492.482 421 D96
_wDEWEY
_c21307
_i44431
_d21307
_f2021-11-11
_g5
_lCCODEBUL1
_mBUL
_p28.78
_q3
_r0
_sY
_tBOOK
_u2015-6-24
_xTEOLOGIA
_PP35
_0COMPRA
_o.STAFF. Colección Teología
980 _81
_gALBERTO SANCHEZ Responsable de Automatización